Statistics for Napoleonic Wars Nations

Click here to take the quiz!

General Stats

  • This quiz has been taken 229 times
    (195 since last reset)
  • The average score is 20 of 33

Answer Stats

Answer% Correct
United Kingdom
100%
Austria
99%
France
99%
Russia
99%
Sweden
98%
Ottoman Empire
97%
Denmark
95%
Portugal
95%
Prussia
95%
Spain
95%
Bavaria
79%
Holy Roman Empire
76%
Italy
68%
Saxony
66%
Sardinia
65%
Naples
62%
Warsaw
60%
Baden
55%
Hanover
53%
Sicily
53%
Papal States
49%
Rhine
49%
Württemberg
48%
Hesse
41%
Helvetic
38%
Tuscany
36%
Nassau
35%
Brunswick
34%
Montenegro
29%
Oldenburg
29%
Lucca
16%
Qajar
14%
Bavatian
5%

Score Distribution

Percentile by Number Answered

Percent of People with Each Score

Your Score History

You have not taken this quiz since the last reset